[Event "Saint-Lô Open Jeunes -2000"]
[Site "Saint-Lô"]
[Date "2014.07.10"]
[Round "6.7"]
[White "Bouvet, Florian"]
[Black "Dubbeldam, Lydia"]
[Result "1/2-1/2"]
[WhiteElo "1854"]
[BlackElo "1647"]
[PlyCount "135"]
[EventCountry "FRA"]
[SourceDate "2014.07.06"]

1. e4 e6 2. d4 d5 3. Nd2 c5 4. exd5 exd5 5. Ngf3 Nc6 6. dxc5 Bxc5 7. Nb3 Bb6 8.
c3 Nge7 9. Bf4 O-O 10. Be2 Bf5 11. O-O Ng6 12. Bg3 Be4 13. Nfd4 Nge5 14. f3 Bg6
15. Bxe5 Nxe5 16. f4 Nc4 17. f5 Ne3 18. Qd3 Qg5 19. g4 Nxf5 20. Rxf5 Bxf5 21.
Qxf5 Qxf5 22. gxf5 Rfe8 23. Bb5 Re5 24. Kf1 a6 25. Ba4 Ba7 26. Nd2 Bxd4 27.
cxd4 Rxf5+ 28. Kg1 Rf4 29. Bb3 Rxd4 30. Nf3 Rg4+ 31. Kf2 d4 32. Bd5 Rb8 33. Rd1
b5 34. Nxd4 Rf4+ 35. Kg3 Rf6 36. Nb3 g6 37. Nc5 Rc8 38. Ne4 Rb6 39. Rf1 Rc7 40.
Ng5 Kg7 41. Nxf7 Rf6 42. Rxf6 Kxf6 43. Nh6 Rc2 44. Ng4+ Kg7 45. b4 Rb2 46. a3
Rd2 47. Bb7 Rd3+ 48. Kf4 Rxa3 49. Ne5 a5 50. bxa5 Rxa5 51. Nd3 Ra4+ 52. Ke5 Rh4
53. Bc6 Rxh2 54. Ke6 Rh5 55. Nf4 Rc5 56. Kd6 Rxc6+ 57. Kxc6 b4 58. Kc5 b3 59.
Nd3 h5 60. Kc4 h4 61. Kxb3 h3 62. Nf2 h2 63. Kc3 g5 64. Kd3 g4 65. Nh1 Kg6 66.
Ke2 Kg5 67. Kf2 Kh4 68. Kg2 1/2-1/2

[Event "Saint-Lô Open Jeunes -2000"]
[Site "Saint-Lô"]
[Date "2014.07.10"]
[Round "6.8"]
[White "De Lussac, Octave"]
[Black "Niepceron, Luc"]
[Result "1/2-1/2"]
[WhiteElo "1590"]
[BlackElo "1822"]
[PlyCount "59"]
[EventCountry "FRA"]
[SourceDate "2014.07.06"]

1. d4 Nf6 2. c4 g6 3. Nc3 d5 4. Nf3 Bg7 5. Qb3 dxc4 6. Qxc4 O-O 7. e4 c6 8. Be2
Na6 9. O-O Be6 10. Qa4 Nc7 11. Bf4 Bg4 12. Rfd1 Qc8 13. Rac1 Ne6 14. Be3 Qe8
15. h3 Bxf3 16. Bxf3 a6 17. Ne2 Rd8 18. Qb3 Rd7 19. d5 cxd5 20. exd5 Nc7 21. d6
Nb5 22. dxe7 Qxe7 23. Bc5 Nd6 24. Bxd6 Rxd6 25. Rxd6 Qxd6 26. Bxb7 Rb8 27. Qf3
Qb6 28. Rc8+ Rxc8 29. Bxc8 Qxb2 30. Bxa6 1/2-1/2

[Event "Saint-Lô Open Jeunes -2000"]
[Site "Saint-Lô"]
[Date "2014.07.10"]
[Round "6.9"]
[White "Dill, Xaver"]
[Black "Ceripa, Adrien"]
[Result "1-0"]
[WhiteElo "1824"]
[BlackElo "1628"]
[PlyCount "99"]
[EventCountry "FRA"]
[SourceDate "2014.07.06"]

1. d4 Nf6 2. c4 g6 3. Nc3 d5 4. cxd5 Nxd5 5. e4 Nxc3 6. bxc3 Bg7 7. Bc4 c5 8.
Ne2 Nc6 9. Be3 O-O 10. O-O Qc7 11. Bd3 Rd8 12. Rc1 Qa5 13. Bc4 Ne5 14. Bb3 Rb8
15. Qc2 c4 16. dxe5 cxb3 17. axb3 Bxe5 18. Ra1 Qb5 19. Bxa7 Ra8 20. Nd4 Qd7 21.
Bb6 Rxa1 22. Rxa1 Bc7 23. Bxc7 Qxc7 24. Rd1 Qd6 25. Rd2 Qa6 26. h3 Qb6 27. Nf3
Rxd2 28. Qxd2 Be6 29. b4 Qc6 30. Ng5 Qb6 31. Nxe6 Qxe6 32. Qd5 Qc8 33. c4 e6
34. Qd4 Qc6 35. b5 Qc7 36. c5 Kf8 37. e5 Ke8 38. Qd6 Qd7 39. Qb6 h6 40. c6 bxc6
41. bxc6 Qc8 42. Qb7 Kd8 43. Qxf7 Qxc6 44. Qxg6 h5 45. Qg5+ Kd7 46. Qd2+ Ke8
47. g4 Qf3 48. Qd6 Qxh3 49. Qxe6+ Kd8 50. Qg8+ 1-0

[Event "Saint-Lô Open Jeunes -2000"]
[Site "Saint-Lô"]
[Date "2014.07.10"]
[Round "6.10"]
[White "Turcuman, Dragos-Mihai"]
[Black "Broek, Barry"]
[Result "1-0"]
[WhiteElo "1693"]
[BlackElo "1589"]
[PlyCount "63"]
[EventCountry "FRA"]
[SourceDate "2014.07.06"]

1. e4 Nf6 2. e5 Nd5 3. d4 d6 4. Bc4 Nb6 5. Bb3 dxe5 6. Qh5 e6 7. dxe5 Nc6 8.
Nf3 Nd4 9. Nxd4 Qxd4 10. O-O Be7 11. Rd1 Qh4 12. Qf3 g6 13. Be3 Bg5 14. Nc3
Bxe3 15. Qxe3 Bd7 16. Ne4 O-O-O 17. Rd4 Bc6 18. Nd6+ Rxd6 19. Rxh4 Rd7 20. Rd4
Re7 21. Rad1 h5 22. a4 Nd7 23. Rb4 a5 24. Rc4 Rd8 25. Qa7 Ree8 26. Rcd4 b6 27.
Qa6+ Bb7 28. Qd3 Bc6 29. Bc4 Bxa4 30. Ba6+ Kb8 31. Qf3 c6 32. Rxd7 1-0

[Event "Saint-Lô Open Jeunes -2000"]
[Site "?"]
[Date "2014.07.11"]
[Round "7.1"]
[White "Marie, Florian"]
[Black "Gora, Antonina"]
[Result "1/2-1/2"]
[WhiteElo "1752"]
[BlackElo "1832"]
[PlyCount "69"]
[EventDate "2014.07.05"]
[SourceDate "2014.07.06"]

1. d4 d5 2. e3 Nf6 3. Bd3 c5 4. c3 c4 5. Bc2 e6 6. Nd2 Bd6 7. f4 O-O 8. Ngf3 b5
9. a3 Bb7 10. O-O Qe7 11. Ne5 Ne4 12. Nxe4 dxe4 13. Qe2 f5 14. b4 a5 15. Bd2
Bd5 16. Rfb1 a4 17. h3 Rf6 18. g3 Bxe5 19. fxe5 Rf8 20. Rf1 g5 21. Rf2 Qg7 22.
Kh2 Nc6 23. Raf1 Ne7 24. Bd1 Bc6 25. Qe1 Kh8 26. Rg2 Ra7 27. Rgg1 Ng6 28. Rf2
Raf7 29. Qf1 Qh6 30. Kg2 f4 31. gxf4 gxf4 32. Kh2 f3 33. Rg4 Be8 34. Rxe4 Qg7
35. Rg4 1/2-1/2

[Event "Saint-Lô Open Jeunes -2000"]
[Site "?"]
[Date "2014.07.11"]
[Round "7.2"]
[White "Kavalkou, Pavel"]
[Black "De Feijter, Bas"]
[Result "1/2-1/2"]
[WhiteElo "1820"]
[BlackElo "1895"]
[PlyCount "133"]
[EventDate "2014.07.05"]
[SourceDate "2014.07.06"]

1. Nf3 e6 2. c4 f5 3. d4 Nf6 4. g3 Bb4+ 5. Bd2 Bxd2+ 6. Nbxd2 b6 7. Bg2 Bb7 8.
O-O O-O 9. Rc1 Qe7 10. e3 d6 11. c5 dxc5 12. dxc5 bxc5 13. Ne5 Bxg2 14. Kxg2
Nbd7 15. Nxd7 Nxd7 16. Qc2 Rab8 17. b3 Rfd8 18. Nc4 Qf6 19. Nb2 Rb6 20. Na4 Rb5
21. Rfd1 Qe7 22. Qd3 a6 23. Rc2 Kf7 24. Rcd2 Ke8 25. e4 g6 26. exf5 gxf5 27. f4
Qf6 28. Qf3 c4 29. bxc4 Ra5 30. Qc6 Qe7 31. Nc3 h6 32. Re2 Kf7 33. Nd5 Qd6 34.
Nb4 Qe7 35. Qxc7 Rc5 36. Qb7 Rb8 37. Qxd7 Rxb4 38. Qxe7+ Kxe7 39. Rde1 Rc6 40.
Re5 Kf6 41. c5 Rc4 42. R1e2 R4xc5 43. Kh3 Rxe5 44. Rxe5 Rd6 45. Ra5 Rc6 46. Kh4
Kg6 47. h3 Rd6 48. Rc5 Rb6 49. a4 Rd6 50. a5 Kf6 51. Rc8 Rd5 52. Kh5 Rxa5 53.
Kxh6 Ra3 54. Rf8+ Ke7 55. Rg8 a5 56. h4 a4 57. h5 Kf7 58. Rg7+ Kf8 59. Ra7 Rxg3
60. Rxa4 Kf7 61. Ra7+ Kf8 62. Kh7 Rg4 63. Ra4 Kf7 64. h6 Kf8 65. Ra8+ Kf7 66.
Ra7+ Kf8 67. Ra8+ 1/2-1/2

[Event "Saint-Lô Open Jeunes -2000"]
[Site "?"]
[Date "2014.07.11"]
[Round "7.3"]
[White "Roque, Gaëtan"]
[Black "Turcuman, Dragos-Mihaï"]
[Result "1-0"]
[WhiteElo "1925"]
[BlackElo "1693"]
[PlyCount "95"]
[EventDate "2014.07.05"]
[SourceDate "2014.07.06"]

1. d4 Nf6 2. Nf3 c5 3. d5 d6 4. c4 e5 5. Nc3 Be7 6. g3 O-O 7. Bg2 Nbd7 8. e4 a6
9. a4 Nh5 10. Bh3 g6 11. Be3 Ng7 12. O-O Kh8 13. Nd2 Nf6 14. Bxc8 Qxc8 15. f3
Ng8 16. f4 f6 17. Qe2 Qd7 18. Rf2 Rae8 19. Raf1 b6 20. b3 Qc8 21. Ndb1 Qd7 22.
Bc1 Qc8 23. Nd1 Qc7 24. Ne3 Qd7 25. Nc3 Qc8 26. f5 g5 27. h4 Rd8 28. Ng4 Ne8
29. Nxf6 Bxf6 30. hxg5 Bxg5 31. Bxg5 Nef6 32. Rh2 Rd7 33. Kg2 Rg7 34. Bc1 Ng4
35. Rh3 N8f6 36. Nd1 h5 37. Nf2 Rh7 38. Nxg4 hxg4 39. Rxh7+ Kxh7 40. Rh1+ Kg8
41. Bg5 Qd8 42. Bxf6 Qxf6 43. Qxg4+ Kf7 44. Rh7+ Ke8 45. Qh5+ Kd8 46. Rh6 Qe7
47. Re6 Qd7 48. Qh6 1-0

[Event "Saint-Lô Open Jeunes -2000"]
[Site "?"]
[Date "2014.07.11"]
[Round "7.4"]
[White "Gagarin, Vasily"]
[Black "Seignat, Florian"]
[Result "1-0"]
[WhiteElo "1857"]
[BlackElo "1744"]
[PlyCount "103"]
[EventDate "2014.07.05"]
[SourceDate "2014.07.06"]

1. d4 Nf6 2. Nf3 c5 3. e3 e6 4. Bd3 d5 5. b3 Nbd7 6. Bb2 Be7 7. O-O O-O 8. Nbd2
b6 9. Ne5 Bb7 10. f4 Ne4 11. Nxe4 dxe4 12. Bc4 Nxe5 13. dxe5 Qxd1 14. Raxd1
Rad8 15. g4 Rxd1 16. Rxd1 Rd8 17. Rxd8+ Bxd8 18. Kg2 g6 19. Kg3 Be7 20. Bf1 Bd5
21. Bc1 Kg7 22. Bh3 Bd8 23. Bg2 Bc7 24. Bb2 Kg8 25. h4 Bd8 26. Bf1 Bc7 27. f5
exf5 28. gxf5 gxf5 29. Kf4 Bd8 30. h5 Be6 31. Bh3 h6 32. Bxf5 Bg5+ 33. Kxe4
Bxf5+ 34. Kxf5 Bxe3 35. Ke4 Bf2 36. Bc1 Kg7 37. Bf4 Bd4 38. c4 a6 39. a4 Bf2
40. Kd5 Be1 41. Kc6 Ba5 42. Kb7 Kh7 43. Kxa6 Kg7 44. Kb5 Kh7 45. Be3 Bc3 46.
Kxb6 Bxe5 47. Kxc5 Bb8 48. Kd5 f5 49. b4 f4 50. Bf2 Kg7 51. Ke6 f3 52. a5 1-0

[Event "Saint-Lô Open Jeunes -2000"]
[Site "?"]
[Date "2014.07.11"]
[Round "7.5"]
[White "Perche, Louis"]
[Black "Dill, Xavier"]
[Result "0-1"]
[WhiteElo "1744"]
[BlackElo "1820"]
[PlyCount "66"]
[EventDate "2014.07.05"]
[SourceDate "2014.07.06"]

1. e4 c5 2. Nf3 d6 3. d4 cxd4 4. Nxd4 Nf6 5. Nc3 a6 6. Be2 e5 7. Nb3 Be6 8. O-O
Be7 9. Be3 O-O 10. Kh1 Nbd7 11. f4 exf4 12. Bxf4 Ne5 13. Nd4 Bd7 14. Nf5 Bc6
15. Bf3 Re8 16. Nd5 Bxd5 17. exd5 Bf8 18. Qd4 Rc8 19. c3 Rc4 20. Qd2 Nxf3 21.
Rxf3 Nh5 22. Bg3 Rce4 23. Raf1 g6 24. Nd4 Nxg3+ 25. Rxg3 Bg7 26. Qf2 Qe7 27.
Nf3 Re2 28. Qb6 Rc2 29. h3 Qe2 30. Re1 Qxe1+ 31. Nxe1 Rxe1+ 32. Kh2 Be5 33. a3
Rcc1 0-1

[Event "Saint-Lô Open Jeunes -2000"]
[Site "?"]
[Date "2014.07.11"]
[Round "7.6"]
[White "Jamar, Vadim"]
[Black "Viel, Simon"]
[Result "0-1"]
[WhiteElo "1881"]
[BlackElo "1723"]
[PlyCount "118"]
[EventDate "2014.07.05"]
[SourceDate "2014.07.06"]

1. e4 e6 2. d4 d5 3. e5 c5 4. c3 Qb6 5. Nf3 Nc6 6. a3 c4 7. Nbd2 Na5 8. g3 Ne7
9. Bh3 Ng6 10. O-O Be7 11. Ne1 O-O 12. f4 f6 13. exf6 Rxf6 14. Kg2 Bd7 15. Nef3
Raf8 16. Re1 Qd6 17. Qe2 Rxf4 18. Nxc4 Nxc4 19. gxf4 Nxf4+ 20. Bxf4 Qxf4 21.
Rad1 Nxb2 22. Rb1 Bb5 23. Bxe6+ Kh8 24. Qxb2 Qxf3+ 25. Kg1 Bh4 26. Qg2 Bf2+ 27.
Kh1 Bxe1 28. Rxe1 Bc6 29. Qxf3 Rxf3 30. Re5 Rxc3 31. Bxd5 g6 32. Bxc6 bxc6 33.
Re8+ Kg7 34. Re7+ Kf6 35. Rxa7 Ke6 36. a4 Ra3 37. Ra5 Ra2 38. Kg1 Kd6 39. Ra7
h5 40. Rg7 Rxa4 41. Rxg6+ Kd5 42. Rg5+ Kxd4 43. Rxh5 Ra2 44. h4 c5 45. Rh8 c4
46. Rd8+ Ke3 47. Rc8 Kd3 48. h5 c3 49. h6 Ra7 50. Rd8+ Ke2 51. Rc8 Kd2 52. Rd8+
Kc1 53. Rg8 c2 54. Rg7 Kb1 55. Rxa7 c1=Q+ 56. Kg2 Qd2+ 57. Kg3 Qe3+ 58. Kg4
Qxa7 59. Kg5 Qh7 0-1

[Event "Saint-Lô Open Jeunes -2000"]
[Site "?"]
[Date "2014.07.11"]
[Round "7.7"]
[White "Paillard, Eliott"]
[Black "Bouvet, Florian"]
[Result "0-1"]
[WhiteElo "1713"]
[BlackElo "1854"]
[PlyCount "116"]
[EventDate "2014.07.05"]
[SourceDate "2014.07.06"]

1. d4 Nf6 2. Nf3 e6 3. Nbd2 c5 4. e3 Nc6 5. c3 d5 6. Bd3 Qb6 7. O-O Be7 8. Qe2
O-O 9. dxc5 Bxc5 10. Nb3 Be7 11. e4 dxe4 12. Bxe4 Nxe4 13. Qxe4 Bd7 14. Be3 Qc7
15. Rad1 e5 16. Rfe1 Rfe8 17. Ng5 Bxg5 18. Bxg5 f5 19. Qh4 b6 20. Rd3 f4 21.
Red1 Bf5 22. Rd6 Rac8 23. Qh5 Rf8 24. Nc1 h6 25. Bf6 Bc2 26. Rd7 Bxd1 27. Qxd1
Rxf6 28. Rxc7 Rxc7 29. Qd5+ Kh8 30. Nd3 Re7 31. Nb4 Ree6 32. Nxc6 Rxc6 33. Qxe5
Rce6 34. Qb8+ Kh7 35. h3 Rf7 36. Qd8 g6 37. Qd5 Rfe7 38. Qf3 Re1+ 39. Kh2 R1e2
40. b3 Rxa2 41. Qxf4 Rae2 42. b4 R2e6 43. Qf3 Rc7 44. h4 h5 45. c4 Rec6 46. c5
bxc5 47. bxc5 Rxc5 48. Qa3 Rc4 49. g3 Rc2 50. Kg1 Rf7 51. f4 Rd7 52. Qf3 Rdd2
53. Qb7+ Kh6 54. Qb1 Rg2+ 55. Kh1 Rh2+ 56. Kg1 Rcg2+ 57. Kf1 Rb2 58. Qe4 Rb1+
0-1

[Event "Saint-Lô Open Jeunes -2000"]
[Site "?"]
[Date "2014.07.11"]
[Round "7.8"]
[White "Trost, Martin"]
[Black "Carlier, Nathan"]
[Result "1/2-1/2"]
[WhiteElo "1838"]
[BlackElo "1521"]
[PlyCount "82"]
[EventDate "2014.07.05"]
[SourceDate "2014.07.06"]

1. e4 e6 2. d4 d5 3. exd5 exd5 4. c4 c6 5. Nc3 Nf6 6. Nf3 Bg4 7. c5 Nbd7 8. Bf4
Be7 9. Bd3 O-O 10. h3 Bh5 11. O-O b6 12. b4 Re8 13. b5 Nb8 14. bxc6 Nxc6 15. g4
Nxg4 16. hxg4 Bxg4 17. Bb5 Bxf3 18. Qxf3 Nxd4 19. Qd3 Nxb5 20. Nxb5 Rc8 21. Nd6
Bxd6 22. cxd6 Qd7 23. Qxd5 Rc5 24. Qf3 Re6 25. Rfe1 h6 26. Rxe6 Qxe6 27. Rd1
Rc8 28. Qg3 g5 29. d7 Rd8 30. Rd6 Qf5 31. Rxh6 Qxf4 32. Qh3 Qd4 33. Rh5 Rxd7
34. Rxg5+ Kf8 35. Qg3 Qf6 36. Rg8+ Ke7 37. Qe3+ Qe6 38. Qg5+ Kd6 39. Qg3+ Ke7
40. Qg5+ Kd6 41. Qg3+ Ke7 1/2-1/2

[Event "Saint-Lô Open Jeunes -2000"]
[Site "?"]
[Date "2014.07.11"]
[Round "7.9"]
[White "Niepceron, Luc"]
[Black "Dory, Manon"]
[Result "1/2-1/2"]
[WhiteElo "1822"]
[BlackElo "1653"]
[PlyCount "69"]
[EventDate "2014.07.05"]
[SourceDate "2014.07.06"]

1. e4 c6 2. d4 d5 3. Nd2 dxe4 4. Nxe4 Nd7 5. Bc4 Ngf6 6. Ng5 e6 7. Qe2 Nb6 8.
Bb3 h6 9. N5f3 Bd6 10. Ne5 O-O 11. Ngf3 Nbd5 12. O-O c5 13. c4 Ne7 14. dxc5
Bxc5 15. Bc2 b6 16. b3 Bb7 17. Bb2 Nc6 18. Rad1 Qe7 19. Nxc6 Bxc6 20. Rd2 Rad8
21. Rfd1 Rxd2 22. Qxd2 Ne4 23. Bxe4 Bxe4 24. Qf4 Bxf3 25. Qxf3 Rd8 26. h3 Rxd1+
27. Qxd1 Qh4 28. Qd2 Qe4 29. Bc3 Qb1+ 30. Kh2 Qf5 31. f3 Qb1 32. Qb2 Bd6+ 33.
g3 Qf1 34. Qg2 Qd3 35. Qd2 1/2-1/2

[Event "Saint-Lô Open Jeunes -2000"]
[Site "?"]
[Date "2014.07.11"]
[Round "7.10"]
[White "Khodarchenko, Vasily"]
[Black "De Lussac, Octave"]
[Result "0-1"]
[WhiteElo "1803"]
[BlackElo "1590"]
[PlyCount "78"]
[EventDate "2014.07.05"]
[SourceDate "2014.07.06"]

1. e4 e5 2. Nc3 Nf6 3. g3 Bc5 4. Bg2 d6 5. Na4 Bb6 6. Nxb6 axb6 7. Ne2 Nc6 8.
h3 Be6 9. d4 Bd7 10. d5 Ne7 11. Bg5 Ng6 12. f4 h6 13. fxe5 hxg5 14. exf6 Qxf6
15. Qd4 Ne5 16. Qf2 Qe7 17. Nc3 b5 18. Qd4 Rxh3 19. O-O-O Rh6 20. Qb4 Kf8 21.
a3 b6 22. Nxb5 Bxb5 23. Qxb5 g4 24. Qe2 Qd7 25. Qe3 Nc4 26. Qd4 Ne5 27. Rdg1
Ra4 28. Qe3 Nc4 29. Qc3 Ne5 30. Bf1 Rxe4 31. Rxh6 gxh6 32. Qd2 Nf3 33. Qxh6+
Ke7 34. Bg2 Qf5 35. Rd1 Re2 36. Rd3 Rxg2 37. Kd1 Rg1+ 38. Ke2 Qe4+ 39. Re3 Re1+
0-1

[Event "Saint-Lô Open Jeunes -2000"]
[Site "?"]
[Date "2014.07.12"]
[Round "8.1"]
[White "Gora, Antonina"]
[Black "Roque, Gaëtan"]
[Result "1/2-1/2"]
[WhiteElo "1832"]
[BlackElo "1925"]
[PlyCount "102"]
[EventDate "2014.07.05"]
[SourceDate "2014.07.06"]

1. e4 Nf6 2. e5 Nd5 3. c4 Nb6 4. d4 d6 5. exd6 exd6 6. Nc3 Be7 7. Be3 O-O 8.
Nf3 Bg4 9. b3 Re8 10. Be2 Bf6 11. Qd2 Nc6 12. O-O d5 13. c5 Nc8 14. h3 Bh5 15.
Rac1 N8e7 16. g4 Qd7 17. gxh5 Qxh3 18. Nh2 Qh4 19. f4 Nf5 20. Bf2 Bxd4 21. Bxd4
Ncxd4 22. Bg4 Ne3 23. Qf2 Qf6 24. Rfe1 Nxg4 25. Nxg4 Qf5 26. Ne5 Ne6 27. Nxd5
f6 28. Ne3 Qxf4 29. N5g4 Qxf2+ 30. Nxf2 Nd4 31. Kg2 Re5 32. Rcd1 Ne6 33. Nd5
Rxe1 34. Rxe1 Re8 35. Kf1 Kf7 36. b4 c6 37. Nc3 Nf4 38. Rxe8 Kxe8 39. Nce4 Nxh5
40. Nd6+ Kd7 41. Nxb7 Nf4 42. a4 Nd5 43. Nd3 Nc3 44. Nb2 g5 45. Nd6 a6 46. Kf2
h5 47. Kg3 Nd5 48. Nd3 Nc3 49. Nb2 Nd5 50. Nd3 Nc3 51. Nb2 Nd5 1/2-1/2

[Event "Saint-Lô Open Jeunes -2000"]
[Site "?"]
[Date "2014.07.12"]
[Round "8.2"]
[White "Dill, Xavier"]
[Black "Kavalkou, Pavel"]
[Result "0-1"]
[WhiteElo "1820"]
[BlackElo "1820"]
[PlyCount "112"]
[EventDate "2014.07.05"]
[SourceDate "2014.07.06"]

1. Nf3 Nf6 2. d4 d6 3. Nc3 g6 4. e4 c6 5. Bc4 b5 6. Bd3 Bg7 7. h3 O-O 8. Be3
Qc7 9. a4 b4 10. Ne2 a5 11. Ng3 Nbd7 12. O-O c5 13. c3 c4 14. Be2 b3 15. Nd2
Ba6 16. f4 e6 17. Bf3 Nb6 18. Ne2 d5 19. e5 Nfd7 20. g4 f5 21. gxf5 gxf5 22.
Bg2 Bb7 23. Nf3 h6 24. Ng3 Rf7 25. Nh4 Nf8 26. Nh5 Bc6 27. Qe1 Kh7 28. Nf3 Ng6
29. Bf2 Nxa4 30. Rb1 Nb6 31. Bh4 Nd7 32. Qg3 Rg8 33. Kh2 Bf8 34. Bh1 Nxh4 35.
Qxh4 Be7 36. Nf6+ Nxf6 37. Ng5+ Rxg5 38. fxg5 Ng8 39. Rg1 Rg7 40. Qh5 Bxg5 41.
Rbf1 Qe7 42. h4 Be8 43. Qf3 Bxh4 44. Rxg7+ Kxg7 45. Qh3 Bc6 46. Ra1 Qd8 47. Bf3
Bg5 48. Rg1 a4 49. Qh5 Be8 50. Qh3 Ne7 51. Bh5 Ng6 52. Bxg6 Bxg6 53. Ra1 Qe8
54. Qf1 f4 55. Ra3 Be4 56. Qf2 Qh5+ 0-1

[Event "Saint-Lô Open Jeunes -2000"]
[Site "?"]
[Date "2014.07.12"]
[Round "8.3"]
[White "Bouvet, Florian"]
[Black "Gagarin, Vasily"]
[Result "1-0"]
[WhiteElo "1854"]
[BlackElo "1857"]
[PlyCount "65"]
[EventDate "2014.07.05"]
[SourceDate "2014.07.06"]

1. e4 e6 2. d4 d5 3. exd5 exd5 4. Bd3 Bd6 5. Nf3 Ne7 6. O-O O-O 7. c3 f6 8. Qc2
g6 9. Re1 Re8 10. Nbd2 Nf5 11. Rxe8+ Qxe8 12. Nf1 c6 13. Bd2 Qf7 14. Re1 Bd7
15. c4 Ng7 16. Ne3 dxc4 17. Bxc4 Be6 18. Ng4 Kf8 19. Nh6 Qd7 20. Bxe6 Nxe6 21.
Qb3 Ke7 22. d5 cxd5 23. Nd4 Be5 24. Nxe6 Kxe6 25. f4 Nc6 26. fxe5 f5 27. Qa3
Qe7 28. Qd6+ Qxd6 29. exd6+ Kxd6 30. Nf7+ Kc5 31. Ng5 h6 32. Ne6+ Kc4 33. Bxh6
1-0

[Event "Saint-Lô Open Jeunes -2000"]
[Site "?"]
[Date "2014.07.12"]
[Round "8.4"]
[White "De Feijter, Bas"]
[Black "Viel, Simon"]
[Result "1/2-1/2"]
[WhiteElo "1895"]
[BlackElo "1723"]
[PlyCount "90"]
[EventDate "2014.07.05"]
[SourceDate "2014.07.06"]

1. d4 Nf6 2. c4 c5 3. d5 b5 4. cxb5 a6 5. bxa6 Bxa6 6. Nc3 d6 7. g3 g6 8. Bg2
Bg7 9. Nf3 Nbd7 10. O-O O-O 11. Rb1 Qa5 12. Bd2 Rfb8 13. Qc2 Ne8 14. b3 Nc7 15.
Rfd1 Nb5 16. Nxb5 Qxb5 17. Bf1 Qb7 18. e4 Bxf1 19. Rxf1 Ra6 20. Rfe1 Qa7 21. a4
Rab6 22. Bc3 Bxc3 23. Qxc3 Qb7 24. Re3 Rb4 25. Nd2 Ne5 26. f4 Ng4 27. Ree1 c4
28. Qf3 Qa7+ 29. Kg2 c3 30. Nc4 c2 31. Rbc1 h5 32. Nd2 Rc8 33. Re2 Qd4 34. Nc4
Rcb8 35. Rd2 Qa7 36. Rdxc2 Rxb3 37. Rc3 Qxa4 38. h3 Rxc3 39. Qxc3 Qxc4 40. Qxc4
Ne3+ 41. Kf3 Nxc4 42. Rxc4 Rb3+ 43. Kf2 Rb2+ 44. Kf3 Rb3+ 45. Kf2 Rb2+ 1/2-1/2

[Event "Saint-Lô Open Jeunes -2000"]
[Site "?"]
[Date "2014.07.12"]
[Round "8.5"]
[White "Guerlach, Keigo"]
[Black "Marie, Florian"]
[Result "1/2-1/2"]
[WhiteElo "1761"]
[BlackElo "1752"]
[PlyCount "40"]
[EventDate "2014.07.05"]
[SourceDate "2014.07.06"]

1. g3 Nf6 2. Bg2 g6 3. Nf3 Bg7 4. d3 d5 5. O-O O-O 6. Nbd2 b6 7. c3 Bb7 8. Qc2
c5 9. e4 e6 10. Re1 Nc6 11. h4 Rc8 12. Nf1 d4 13. Bg5 e5 14. Rad1 h6 15. Bxf6
Qxf6 16. N1h2 Qe6 17. a3 Na5 18. c4 Nc6 19. Nd2 a5 20. b3 Rce8 1/2-1/2

[Event "Saint-Lô Open Jeunes -2000"]
[Site "?"]
[Date "2014.07.12"]
[Round "8.6"]
[White "De Lussac, Octave"]
[Black "Perche, Louis"]
[Result "1-0"]
[WhiteElo "1590"]
[BlackElo "1744"]
[PlyCount "29"]
[EventDate "2014.07.05"]
[SourceDate "2014.07.06"]

1. d4 Nf6 2. c4 g6 3. Nc3 d5 4. Nf3 Bg7 5. Qb3 dxc4 6. Qxc4 O-O 7. e4 Na6 8.
Be2 e6 9. O-O Bd7 10. Rd1 c6 11. Bg5 Qc7 12. Rac1 Rac8 13. Qd3 Qa5 14. Ne5 Rfd8
15. Qf3 1-0

[Event "Saint-Lô Open Jeunes -2000"]
[Site "?"]
[Date "2014.07.12"]
[Round "8.7"]
[White "Miroi, Robert-Andreï"]
[Black "Niepceron, Aurélien"]
[Result "1-0"]
[WhiteElo "1862"]
[BlackElo "1652"]
[PlyCount "75"]
[EventDate "2014.07.05"]
[SourceDate "2014.07.06"]

1. e4 c5 2. Nc3 Nc6 3. f4 g6 4. Nf3 Bg7 5. Bb5 Nd4 6. O-O e6 7. d3 Ne7 8. f5
exf5 9. Nxd4 Bxd4+ 10. Kh1 O-O 11. Bg5 f6 12. Bh6 Re8 13. exf5 Nxf5 14. Rxf5
Bxc3 15. bxc3 gxf5 16. Qf3 Qe7 17. h3 Kh8 18. Rf1 Rg8 19. Qxf5 Rg6 20. Bc1 d6
21. Qh5 Qg7 22. Re1 Bxh3 23. Qxh3 Rg3 24. Qh2 Rg8 25. Re8 d5 26. Bf4 Rg4 27.
Re2 Qg6 28. Kg1 Qg7 29. Be8 Qf8 30. Bh5 R4g7 31. Re8 Qxe8 32. Bxe8 Rxe8 33. Qh5
Rge7 34. Qxd5 Re1+ 35. Kh2 R1e2 36. Qf7 R2e6 37. Bh6 R6e7 38. Qxf6+ 1-0

[Event "Saint-Lô Open Jeunes -2000"]
[Site "?"]
[Date "2014.07.12"]
[Round "8.8"]
[White "Decaen, Melvyn"]
[Black "Trost, Martin"]
[Result "0-1"]
[WhiteElo "1648"]
[BlackElo "1838"]
[PlyCount "62"]
[EventDate "2014.07.05"]
[SourceDate "2014.07.06"]

1. e4 e5 2. Nf3 Nc6 3. Bb5 Nd4 4. Nxd4 exd4 5. d3 c6 6. Ba4 Bc5 7. O-O Ne7 8.
c3 O-O 9. Kh1 d5 10. f4 a5 11. f5 b5 12. Bc2 f6 13. cxd4 Bxd4 14. Nd2 c5 15.
Nf3 Nc6 16. Nxd4 Nxd4 17. Be3 Bb7 18. Bxd4 cxd4 19. Qg4 Rc8 20. Rac1 Qd7 21. h3
a4 22. Qe2 Rfe8 23. Qf3 dxe4 24. dxe4 Rxc2 25. Rxc2 Bxe4 26. Qd1 Bxc2 27. Qxc2
d3 28. Qb1 Re2 29. b3 Qd5 30. Rg1 d2 31. bxa4 Rxg2 0-1

[Event "Saint-Lô Open Jeunes -2000"]
[Site "?"]
[Date "2014.07.12"]
[Round "8.9"]
[White "Bassini, Emile"]
[Black "Niepceron, Luc"]
[Result "0-1"]
[WhiteElo "1540"]
[BlackElo "1822"]
[PlyCount "44"]
[EventDate "2014.07.05"]
[SourceDate "2014.07.06"]

1. e4 e6 2. c4 c5 3. Nc3 Nc6 4. Nf3 d6 5. d4 cxd4 6. Nxd4 Nf6 7. Be2 Be7 8. O-O
O-O 9. Be3 a6 10. f3 Qc7 11. Qe1 Rd8 12. Qg3 Nh5 13. Qg4 g6 14. Nxc6 bxc6 15.
Bg5 e5 16. Qh4 Bxg5 17. Qxg5 Nf4 18. Rfd1 Bb7 19. b3 Qa5 20. Rac1 Kg7 21. Qe7
Rab8 22. Rxd6 Qc5+ 0-1

[Event "Saint-Lô Open Jeunes -2000"]
[Site "?"]
[Date "2014.07.12"]
[Round "8.10"]
[White "Seignat, Florian"]
[Black "Ceripa, Adrien"]
[Result "1/2-1/2"]
[WhiteElo "1744"]
[BlackElo "1628"]
[PlyCount "147"]
[EventDate "2014.07.05"]
[SourceDate "2014.07.06"]

1. d4 Nf6 2. Bg5 e6 3. e4 c5 4. e5 h6 5. Bh4 g5 6. Bg3 Ne4 7. Ne2 d5 8. c3 Qb6
9. Qb3 Qxb3 10. axb3 Nc6 11. f3 Nxg3 12. hxg3 cxd4 13. cxd4 Bg7 14. Nbc3 a6 15.
Nb5 O-O 16. Kd2 f6 17. f4 Bd7 18. Nd6 b6 19. Ke3 Nb4 20. Rc1 Ra7 21. Nc3 fxe5
22. fxe5 Be8 23. Na4 Bg6 24. Nc8 Raf7 25. Naxb6 Nc2+ 26. Rxc2 Bxc2 27. Bxa6 Rf2
28. Nd7 Rxg2 29. Nxf8 Kxf8 30. Rf1+ Kg8 31. Ne7+ Kh7 32. Bc8 Rxg3+ 33. Kd2 Be4
34. Bxe6 Rd3+ 35. Kc1 Rxd4 36. Bg8+ Kh8 37. e6 g4 38. Bf7 g3 39. Ng6+ Bxg6 40.
Bxg6 Bf6 41. Bf5 h5 42. Bh3 Kg7 43. Bg2 Bg5+ 44. Kb1 Rd2 45. Bh3 Rh2 46. Rf7+
Kg8 47. Rf5 Be7 48. Bf1 g2 49. Bxg2 Rxg2 50. Rxh5 Rg5 51. Rh3 Kg7 52. Rf3 Bf6
53. b4 Re5 54. Rd3 d4 55. Kc2 Rxe6 56. b5 Kf7 57. Rb3 Rb6 58. Kd3 Ke6 59. Kc4
Kd6 60. Rf3 Be5 61. Rh3 Rb8 62. Rh6+ Kc7 63. Rh7+ Kb6 64. Rh6+ Kb7 65. Rh5 Bh8
66. Rh7+ Ka8 67. b6 Rd8 68. Rh3 Kb7 69. Kc5 d3 70. Rh7+ Kb8 71. Kb5 d2 72. Ka6
Rf8 73. Rd7 Bxb2 74. Rxd2 1/2-1/2

[Event "Saint-Lô Open Jeunes -2000"]
[Site "?"]
[Date "2014.07.13"]
[Round "9.1"]
[White "Kavalkou, Pavel"]
[Black "De Lussac, Octave"]
[Result "1-0"]
[WhiteElo "1820"]
[BlackElo "1590"]
[PlyCount "49"]
[EventDate "2014.07.05"]
[SourceDate "2014.07.06"]

1. Nf3 d5 2. c4 e6 3. b3 Nf6 4. Bb2 Nbd7 5. e3 c6 6. d4 Bb4+ 7. Nbd2 O-O 8. a3
Bd6 9. Bd3 Re8 10. Ne5 Qc7 11. f4 c5 12. O-O b6 13. g4 h6 14. g5 hxg5 15. fxg5
Nxe5 16. dxe5 Bxe5 17. gxf6 Bxb2 18. Qg4 Bxf6 19. Rxf6 Qe5 20. Raf1 Qxe3+ 21.
R1f2 Qxd3 22. Rxf7 Qd4 23. Qg6 dxc4 24. R7f4 Re7 25. Rf8# 1-0